000
00237nam a2200097Ia 4500
001
814438
005
20250826171637.0
008
250824s9999 xx 000 0 und d
245
0
_a
METRO 2033
_c
DMITRY GLUKHOVSKY
260
_b
PANAMA YAYINLARI
999
_c
814438
_d
814438